LEADER 01343nam 2200349 a 450 001 9910671997403321 005 20200608114656.0 035 $a(CKB)3400000000029607 035 $a(MH)009288444-X 035 $a(EXLCZ)993400000000029607 100 $a20040210d2003 uy 0 101 0 $aspa 200 13$aLa argumentación en el derecho $ealgunas cuestiones fundamentales /$fMarina Gascón Abellán, Alfonso J. García Figueroa$b[electronic resource] 205 $a1. ed. 210 $aLima $cPalestra Editores$d2003 215 $a1 online resource (414 p. ) 311 $a9972-733-47-5 320 $aIncludes bibliographical references (p. [407]-414). 606 $aForensic orations 606 $aJudicial process 608 $aElectronic books 615 0$aForensic orations. 615 0$aJudicial process. 700 $aGascón Abellán$b Marina$0627863 701 $aGarcía Figueroa$b Alfonso$01336782 801 0$bMH-L 801 1$bMH-L 906 $aBOOK 912 $a9910671997403321 996 $aLa argumentación en el derecho$93054433 997 $aUNINA 999 $aThis Record contains information from the Harvard Library Bibliographic Dataset, which is provided by the Harvard Library under its Bibliographic Dataset Use Terms and includes data made available by, among others the Library of Congress LEADER 00857nam a22002531i 4500 001 991000904839707536 005 20040211110721.0 008 040220s1982 fr |||||||||||||||||fre 035 $ab12688095-39ule_inst 035 $aARCHE-068645$9ExL 040 $aDip.to Scienze pedagogiche$bita$cA.t.i. Arché s.c.r.l. Pandora Sicilia s.r.l. 082 04$a150.1952 100 1 $aDadoun, Roger$0466655 245 10$aFreud /$cRoger Dadoun 260 $aParis :$bBelfond,$c1982 300 $a370 p. ;$c24 cm 440 4$aLes dossiers Belfond 600 14$aFreud, Sigmund 907 $a.b12688095$b02-04-14$c17-03-04 912 $a991000904839707536 945 $aLE022 CBS 256$g1$i2022000105057$lle022$o-$pE0.00$q-$rl$s- $t0$u1$v0$w1$x0$y.i13199596$z17-03-04 996 $aFreud$9271334 997 $aUNISALENTO 998 $ale022$b17-03-04$cm$da $e-$ffre$gfr $h0$i1